[Event "WchT 6th"]
[Site "Beersheba"]
[Date "2005.11.08"]
[Round "7.3"]
[White "Wang, Yu A"]
[Black "Lputian, Smbat G"]
[Result "0-1"]
[WhiteElo "2396"]
[BlackElo "2614"]
[Annotator "Postny,E"]
[PlyCount "82"]
[EventDate "2005.11.01"]
[EventType "team-tourn"]
[EventRounds "9"]
[EventCountry "ISR"]
[SourceTitle "CBM 110"]
[Source "ChessBase"]
[SourceDate "2006.01.31"]
[SourceVersion "1"]
[SourceVersionDate "2006.01.31"]
[SourceQuality "1"]
[WhiteTeam "China (W)"]
[BlackTeam "Armenia"]
[WhiteTeamCountry "CHN"]
[BlackTeamCountry "ARM"]

1. e4 e6 2. d4 d5 3. Nd2 Be7 4. e5 c5 5. Qg4 Kf8 {This move is rather typical
for the French defence. At a price of losing the right to castle, black is
intending to completely destroy white's central pawns chain.} (5... Bf8 6. Ndf3
Nc6 7. dxc5 {1-0 Adams,M-Kristjansson,S/Reykjavik 2003/CBM 094 [Mueller,Kar] 
(37)}) (5... g6) ({and} 5... g5 {appeared in practice as well.}) 6. dxc5 Nc6 7.
Qg3 {Besides this move white can choose between both knights going to f3.} (7.
Ngf3 h5 8. Qa4 (8. Qg3 h4 9. Qf4 g5 10. Qa4 Bd7 11. Bb5 a6 12. Bxc6 Bxc6 13.
Qd4 Nh6 14. Nb3 Nf5 15. Qd3 d4 16. Rg1 Qc7 17. Nfxd4 Qxe5+ 18. Be3 Qxh2 19.
O-O-O Nxd4 20. Qxd4 Rh6 21. Qg4 Qe5 $13 {1/2-1/2 Adams,M-Morozevich,A/Sarajevo
1999/CBM 071 (57)}) 8... Bxc5 9. Nb3 Be7 10. Qf4 Nh6 11. Bd3 Nf5 12. Bxf5 exf5
13. Be3 Be6 14. O-O-O Rc8 15. Kb1 Qc7 16. Rhe1 Na5 17. Nbd4 $14 {1-0 Ivanchuk,
V-Mkrtchian,L/Yerevan 2004/CBM 103 ext (53)}) (7. Ndf3 f6 8. Bf4 (8. Qg3 fxe5
9. Nxe5 Nxe5 10. Qxe5 Bxc5 11. Nf3 Nf6 12. Bd3 Bxf2+ 13. Kd1 Bc5 14. Rf1 Bd6
15. Qe2 Qc7 16. Nd4 e5 17. Nb5 Qe7 18. Bf5 h6 $15 {1/2-1/2 Akopian,V-Pelletier,
Y/Aubervilliers 2002/CBM 086 ext (59)}) 8... Bxc5 9. Bd3 f5 10. Qg3 Nge7 11.
Ne2 Ng6 12. h4 $14 {1-0 Akopian,V-Radjabov,T/Moscow 2002/CBM 090 [Mueller,Kar]
(36)}) 7... f6 8. Ngf3 Nh6 {The knight will jump to f7 or f5 according to
circumstances.} (8... fxe5 9. Nxe5 Nxe5 10. Qxe5 Bxc5 11. Bd3 Nf6 12. O-O Bd6
13. Qe2 Qc7 14. f4 Bxf4 15. Nf3 Bd6 16. c4 e5 17. cxd5 $36 {1/2-1/2 Kotsur,
P-Radjabov,T/Bled 2002/EXT 2003 (66)}) 9. Nb3 $146 ({Very complicated is:} 9.
Bd3 Nf7 10. exf6 gxf6 $13 {1-0 Nevednichy,V (2583)-Pelletier,Y (2603)/
Gothenburg 2005/CBM 109_01/[Postny,E] (30)}) 9... Nf5 10. Qf4 g5 $1 11. Qd2 $6
{This move is too awkward to be correct.} (11. Qa4 Nxe5 12. Nxe5 fxe5 13. Bd2
Kg7 14. O-O-O {with chances for both sides.}) 11... Nxe5 12. Nxe5 fxe5 $15 {
Black's superiority in the center is now the dominant factor in the position.
Black's king is still unsafe, but white's pieces are too passive to be a
source of worry for black.} 13. Qe2 {White spent too much with his queen
manoeuvres.} Bf6 14. Bd2 ({Comes to consideration} 14. h4 $5 Nxh4 15. Bd2 {
Opening the "h" file might give white some attacking possibilities for the
sacrificed pawn.}) 14... Kg7 15. g3 $6 {This plan is rather slow.} (15. O-O-O {
would have been more in the spirit of the position, though black's position is
preferable anyway.}) 15... h6 16. Bg2 b6 $1 17. O-O a5 {Black has total
control over the centre, while white has simply no outposts for his pieces.}
18. cxb6 Qxb6 19. Rfb1 a4 20. Nc1 Ba6 21. Qd1 e4 $19 {Black has got a
marvellous position.} 22. c3 e3 (22... Rhf8 $19) 23. Be1 Rad8 $6 {It was not
necessary to sacrifice the pawn on a4.} 24. Qxa4 d4 25. c4 $6 (25. Qb3 Qd6 26.
cxd4 Bxd4 $19) (25. Nb3 $1 {was more stubborn.}) 25... d3 {White is forced to
give a piece.} 26. Nxd3 Rxd3 27. c5 Qa7 28. Rd1 Rd4 29. b4 Rhd8 30. Rxd4 Bxd4 (
{More precise was} 30... Nxd4) 31. Rd1 exf2+ 32. Bxf2 Bxf2+ 33. Kxf2 Rxd1 34.
Qxd1 Bb5 {White does not have any chance to survive, since his pawns are
blocked and his king is vulnerable.} 35. a4 {The last attempt, but obviously
insufficient.} Qxa4 36. Qxa4 Bxa4 37. c6 Kf6 38. c7 Nd6 39. Bb7 Bd7 40. Ba6 Bc8
41. b5 Ke5 0-1

[Event "EU-ch 6th"]
[Site "Warsaw"]
[Date "2005.06.22"]
[Round "5"]
[White "Georgiev, Kiril"]
[Black "Kornev, Alexei"]
[Result "1-0"]
[WhiteElo "2666"]
[BlackElo "2565"]
[Annotator "Postny,E"]
[PlyCount "107"]
[EventDate "2005.06.18"]
[EventType "swiss"]
[EventRounds "13"]
[EventCountry "POL"]
[SourceTitle "CBM 108"]
[Source "ChessBase"]
[SourceDate "2005.09.26"]
[SourceVersion "1"]
[SourceVersionDate "2005.09.26"]
[SourceQuality "1"]

1. e4 e6 2. d4 d5 3. Nd2 Be7 4. Bd3 c5 5. dxc5 Nf6 6. Qe2 O-O 7. Ngf3 a5 {
Black is intending to capture the Pc5 with a knight, therefore he prevents
from white the option of b2-b4.} 8. O-O (8. e5 Nfd7 9. h4 h6 10. c3 Nxc5 11.
Bc2 f5 12. exf6 Bxf6 13. Ne5 Bxe5 14. Qxe5 Nc6 15. Qg3 e5 16. Nb3 Nxb3 17. Bxb3
Rf6 18. a4 Be6 19. O-O Qb6 20. Bc2 Raf8 $15 {0-1 Rozentalis,E-Vallejo,P/Calvia
2004/CBM 104 (32)}) 8... Na6 9. e5 {This advance has some pluses and drawbacks.
White gets space and control over the central d4 square. On the other hand,
with the closed centre black usually gets a free hand on the queenside.} (9.
exd5 exd5 10. Re1 Re8 11. Nb3 Nxc5 12. Bb5 Bd7 13. Be3 a4 14. Bxd7 Qxd7 15.
Bxc5 axb3 16. Bxe7 Rxa2 17. Rac1 Ra4 18. Qe5 Re4 19. Bxf6 Rxe1+ 20. Nxe1 Rxe5
21. Bxe5 f6 22. Bc3 d4 23. Bd2 bxc2 24. Nxc2 $16 {0-1 Naiditsch,A-De la Riva,O/
Pamplona 2004 (62)}) 9... Nd7 10. Nd4 (10. c4 Ndxc5 11. Bb1 d4 12. Rd1 d3 13.
Qe3 Nb4 14. Ne4 Qc7 15. Nxc5 Bxc5 16. Qe4 Qb6 17. a3 Bxf2+ 18. Kf1 Nc6 19. Bxd3
g6 20. Bh6 f5 21. Qe2 $18 {1-0 Vachier Lagrave,M-Baklan,V/Paris 2004 (56)}) (
10. Nb3 a4 11. Nbd4 Ndxc5 12. a3 Bd7 13. Bf4 h6 14. c3 Nxd3 15. Qxd3 Nc5 16.
Qc2 Kh8 17. Rad1 Rg8 18. Bc1 Rc8 19. Rfe1 Bf8 20. Qd2 f5 21. exf6 gxf6 22. Nh4
Qe8 23. Qe2 Qf7 $132 {1-0 Karpatchev,A-Barsov,A/Calvi 2004 (52)}) 10... Ndxc5
11. N2f3 (11. f4 Qb6 12. N2f3 Bd7 13. a3 Ne4 14. Ra2 Nac5 15. Be3 a4 16. Kh1 f6
17. exf6 Bxf6 $132 {1-0 Kotronias,V-Barsov,A/Montreal 2002 (44)}) 11... Nxd3
$146 (11... Nb4 12. Bf4 Nbxd3 13. cxd3 Bd7 14. Rac1 Rc8 15. Qe3 Qb6 16. Rc2 Qa6
17. Rd1 Rfe8 18. h4 Bf8 19. h5 h6 20. g4 Na4 21. Rcd2 Qb6 22. g5 Kh7 23. Kh2
Nc5 24. Rg1 $40 {1-0 Zaragatski,I-Sielecki,C/Bundesliga2 2003 (33)}) 12. cxd3
Bd7 13. Be3 a4 14. a3 Nc5 {White did not get much out of the opening.} 15. Rac1
Rc8 16. Rc3 b6 17. Bf4 f5 $5 {Black wants to get space on the kingside. On the
other hand, this move weakens the Pe6.} (17... Nb7 $11 {trying to exchange
heavy pieces on the "c" file. Basically, the exchanges are in black's favour
who is a bit lack of space.}) 18. h3 h6 19. Rfc1 Qe8 20. Nh2 g5 {Black goes
for an active play.} 21. Bd2 f4 $2 {Too hastily.} (21... Qg6 $132) 22. h4 $1
Qg6 23. h5 Qg7 (23... f3 $6 24. Ndxf3 Qxh5 25. d4 Ne4 26. Rxc8 Rxc8 27. Rxc8+
Bxc8 28. Qb5 $16 {[%csl Ra4,Rb6]}) 24. Ng4 {As a result of black's mistake on
21st move, white managed to block the kingside. Black remained with no active
play at all.} Ra8 25. R3c2 $1 Ra6 26. Bb4 Be8 27. Nf3 Bb5 28. Bxc5 $1 {A
logical continuation of white's previous play.} bxc5 29. Rxc5 {Of course.
Otherwise, there was no point in 28.Bxc5.} Bxc5 30. Rxc5 {Black's extra
exchange has no real significance, while the dark holes in his camp become
apparent now.} Be8 31. Nf6+ Kh8 (31... Rxf6 $2 32. exf6 Qxf6 33. Rc8 Qe7 34.
Ne5 $18 {[%cal Ge2c2]}) 32. Rc8 Bc6 33. Rxf8+ Qxf8 34. Qc2 Qe7 35. Nd4 Bb7 36.
Kh2 Ra8 37. b4 $1 {It's important to open the position on the queenside and
get more space for white's queen. White's extra pawn has no significance
anyway.} axb3 38. Qxb3 Rxa3 39. Qb6 Ra6 40. Qb5 {Black is nearly in zugzwang.}
Qf7 (40... Ra2 41. Nxe6 $1 $40) 41. Qb4 g4 {What else?} 42. Ne2 g3+ ({The last
chance was probably:} 42... f3 43. Qf4 Qf8 $1 (43... Qg7 44. Ne8 Qg5 45. Qf8+
Qg8 46. Qf6+ Kh7 47. Qe7+ Kh8 48. Nf4 $18) 44. Qxg4 {[%cal Gg4g6]} Qg7 45. Qxf3
d4 $16) 43. fxg3 fxg3+ 44. Kh3 $1 d4 {Opening the diagonal for the bishop, but
it does not help.} 45. Qxd4 Bd5 46. Qb4 Ra8 47. Nf4 Qc7 48. Qd2 Kg7 49. Qe2 ({
Wins as well:} 49. N6xd5 {[%cal Gf4e6]} Qxe5 50. Qc3) 49... Kf7 50. N6xd5 exd5
51. e6+ Kf8 52. Nxd5 Qa7 53. Qf3+ Kg8 54. Ne7+ {[%mdl 32]} 1-0

[Event "Sanjin Hotel Cup 2nd"]
[Site "Tiayuan"]
[Date "2005.07.15"]
[Round "7"]
[White "McShane, Luke J"]
[Black "Ni, Hua"]
[Result "0-1"]
[WhiteElo "2625"]
[BlackElo "2629"]
[Annotator "Postny,E"]
[PlyCount "152"]
[EventDate "2005.07.09"]
[EventType "tourn"]
[EventRounds "11"]
[EventCountry "CHN"]
[EventCategory "15"]
[SourceTitle "CBM 108"]
[Source "ChessBase"]
[SourceDate "2005.09.26"]
[SourceVersion "1"]
[SourceVersionDate "2005.09.26"]
[SourceQuality "1"]

1. e4 e6 2. d4 d5 3. Nd2 Be7 4. c3 {This move does not pretend for much.} (4.
Ngf3) ({and} 4. Bd3 {are more principled continuations.}) 4... c5 5. exd5 (5.
dxc5 Bxc5 6. Nb3 Bb6 7. exd5 exd5 {- see the game Mezentsev,V-Atalik,S/Reno
2005/CBM 105 ext [Atalik]}) 5... Qxd5 6. Ngf3 {We got actually the position
from one of the main C07 lines (with 3...c5 4.exd5 Qxd5) with the inclusion of
move c2-c3 and Bf8-e7. This difference seems favour black a bit, so he should
not have any problems to equalize.} (6. dxc5 Qxc5 7. Ne4 Qc6 8. Bd3 Nd7 9. Nf3
Ngf6 10. Qe2 Nxe4 11. Bxe4 Qc7 12. O-O O-O 13. a4 Nf6 14. Bc2 b6 15. Bg5 Bb7
$11 {1/2-1/2 Dvoirys,S-Morozevich,A/Samara 1998 (27)}) 6... Nf6 (6... cxd4 7.
Bc4 Qh5 8. Ne4 Nf6 9. Ng3 Qc5 10. Qxd4 Nc6 11. Qxc5 Bxc5 12. Bg5 Be7 13. O-O-O
Bd7 14. Bxf6 gxf6 15. Ne4 $14 {1-0 Langer,M-Vavrak,P/Minneapolis 2005 (68)}) 7.
Bc4 Qd6 8. O-O (8. dxc5 Qxc5 9. Qe2 O-O 10. O-O Nbd7 11. Nb3 Qc7 12. Nbd4 a6
13. Re1 Bd6 14. Bg5 b5 15. Bd3 Bb7 16. Rad1 Bd5 17. Bb1 Rfe8 $11 {1/2-1/2
Schmittdiel,E-Nikitin,A/St Ingbert 1994 (81)}) 8... cxd4 9. Nxd4 a6 10. Qe2 O-O
11. Bd3 $146 (11. Re1 Nc6 12. Nxc6 Qxc6 13. Nf3 b5 14. Ne5 Qb6 15. Bb3 Bb7 16.
a4 Bc5 17. Bc2 Rfd8 18. Bg5 Be7 19. Bxh7+ $1 Nxh7 (19... Kxh7 20. Bxf6 Bxf6 21.
Qh5+ Kg8 22. Qxf7+ Kh8 23. Re3 $18 {[%cal Re3h3]}) 20. Bxe7 Re8 21. Bh4 $16 {
1-0 Schmittdiel,E-Huenerkopf,H/Augsburg 1987 (41)}) 11... Nbd7 12. Re1 Re8 13.
Nc4 Qc7 14. Qf3 b5 $1 15. Bf4 (15. Qxa8 $2 bxc4 16. Be4 Nc5 17. Qc6 Qd8 {
[%csl Re4][%cal Gc8b7]}) 15... Qb7 16. Qxb7 (16. Nd6 Qxf3 17. Nxf3 Rd8 18. Nxf7
$5 Kxf7 19. Ng5+ Kg8 20. Nxe6 Nc5 21. Nxd8 Nxd3 22. Rxe7 Nxf4 23. Rd1 Kf8 24.
Rf7+ Kg8 25. Re7 Kf8 $11) 16... Bxb7 17. Nd6 Nd5 18. Nxb7 $6 {In my opinion,
white should keep his dark-squared bishop.} (18. Bg3 Bxd6 19. Bxd6 e5 20. Nb3
Rad8 21. Rad1 Nf4 22. Bf1) 18... Nxf4 19. Be4 Nb6 (19... Nf6 20. Bc6 Rec8) 20.
Bc6 Rec8 21. Na5 Ra7 22. Rad1 ({White can't trap the rook:} 22. Bb7 Rc7) 22...
Nc4 23. Nxc4 bxc4 24. Be4 {[%cal Gd4c6]} Bc5 25. g3 Ng6 26. Nf3 Rac7 $11 27.
Re2 Be7 28. Red2 Nf8 {Black covered all the squares of possible invasion of
white's rook. White can't achieve any progress.} 29. Ne5 f6 30. Nd7 g6 31. Bf3
Kf7 32. Nxf8 Kxf8 33. Rd7 Ke8 34. Rxc7 Rxc7 35. Rd4 e5 36. Rh4 $6 {McShane
probably wanted to capture the Pc4, therefore he tried to keep the rook on the
4th rank. However, It was better to keep the rook on the "d" file.} (36. Rd1
$11) 36... h5 37. Re4 (37. Be2 Rb7 {[%csl Rb2]} 38. Bxc4 f5 {[%csl Rh4]} 39.
Bxa6 Rxb2 40. Rc4 (40. Ra4 Bc5 $19 {[%csl Rf2]}) 40... Rxa2 41. Rc6 e4 $15)
37... Kd7 38. Kf1 Ke6 39. Be2 Kd5 40. Bf3 Kd6 41. Re2 (41. Be2 Rb7 $15 {
[%csl Rb2]}) 41... Rc5 42. Rd2+ Ke6 {Now, black is the one who plays for a win.
} 43. h4 f5 44. Bd1 g5 45. Bxh5 gxh4 46. gxh4 Bxh4 47. f3 Bg5 48. Rg2 Kf6 {
Black keeps some pressure thanks to a more active pieces and a possibility of
organizing a passed pawn. However, with the presense of opposite colour
bishops the endgame has obviously strong drawish tendencies.} 49. Be8 Rd5 50.
Ke1 Bh4+ 51. Ke2 Bg5 52. Ke1 Rd6 53. Ba4 Bf4 54. Bd1 Bc1 55. Rc2 Be3 56. Rg2
Rb6 57. Ba4 Rb8 58. b3 Rc8 59. Kd1 Rd8+ (59... cxb3 60. Bxb3 Rxc3 61. Rc2 $11 {
After the exchange of rooks it's a dead draw.}) 60. Kc2 Bc5 ({Does not work:} 
60... e4 $6 61. fxe4 f4 62. Bc6 {and the "f" pawn will be stopped by white's
bishop.}) 61. b4 Be3 62. Bc6 Rd3 63. Bb7 Bf4 $6 {Ni Hua is pushing too hard
for a win.} (63... Rd6 $11) 64. Bxa6 Rxf3 65. Bxc4 {Now, white is a pawn up,
but black ones are further advanced. Basically, I believe that white will
always have an opportunity of sacrifing the bishop for both black's pawns,
therefore, his chances should be at least not worse.} e4 {[%csl Rc3][%cal
Gf4e5]} 66. Kb3 Be5 67. Rc2 Rh3 68. a4 f4 69. a5 f3 70. b5 e3 71. a6 (71. b6 e2
72. Bxe2 fxe2 73. Rxe2 Bxc3 74. Rh2 $1 (74. Ka4 Rh5 75. a6 Ra5+ 76. Kb3 Rxa6
$11) 74... Rg3 75. Ka4 Rg4+ 76. Kb5 Rg5+ 77. Kc6 Rxa5 (77... Bxa5 $2 78. b7 Rg8
79. Ra2 $18 {[%cal Ra2a8]}) 78. b7 Be5 79. Rh5 Ra7 80. Rxe5 Rxb7 $11) 71... Bd4
$2 {A funny trick which worked fine in the game, with some help from the
opponent's side...} (71... Bc7 72. a7 Rh8 73. Ra2 Ra8 74. Bd5 Rxa7 75. Rxa7 (
75. Bxf3 Rxa2 76. Kxa2 Ke5 $11) 75... e2 76. Bxf3 e1=Q 77. Rxc7 Qb1+ 78. Ka4
Qa1+ $11) 72. Bf1 $4 {This is the last turnover in this dramatic endgame.} (72.
cxd4 $1 e2 73. a7 (73. Rc1 f2+ $19 {check!}) 73... e1=Q 74. a8=Q Qb1+ 75. Rb2
$1 f2+ 76. Ka4 Qxb2 77. Qd8+ Kg6 78. Qd6+ Kg5 79. Qe5+ {and no matter where
black's king go, white is winning the rook and the game.}) 72... Bb6 73. Kc4 (
73. Bxh3 e2 {and black queens.}) 73... Rh1 74. Bd3 f2 75. Be2 Re1 76. Kd3 Rd1+
$1 (76... Rd1+ 77. Ke4 Rd2 78. Rxd2 exd2 $19 {[%csl Gd2,Gf2]}) 0-1

[Event "FIDE World Cup"]
[Site "Khanty-Mansiysk"]
[Date "2005.11.27"]
[Round "1.1"]
[White "Kotronias, Vasilios"]
[Black "Ni, Hua"]
[Result "1-0"]
[WhiteElo "2626"]
[BlackElo "2603"]
[Annotator "Postny,E"]
[PlyCount "69"]
[EventDate "2005.11.27"]
[EventType "k.o."]
[EventRounds "7"]
[EventCountry "RUS"]
[SourceTitle "CBM 111"]
[Source "ChessBase"]
[SourceDate "2006.04.04"]
[SourceVersion "1"]
[SourceVersionDate "2006.04.04"]
[SourceQuality "1"]

1. e4 e6 2. d4 d5 3. Nd2 Be7 4. Bd3 c5 5. dxc5 Nf6 6. Qe2 O-O (6... Nc6 {
is another theoretical line here.}) 7. Ngf3 a5 {Black is not in a hurry to
take on c5, preparing to capture the pawn by the queenside knight.} 8. O-O (8.
e5 Nfd7 9. h4 h6 10. c3 Nxc5 11. Bc2 f5 12. exf6 Bxf6 13. Ne5 Bxe5 14. Qxe5 Nc6
15. Qg3 e5 16. Nb3 Nxb3 17. Bxb3 Rf6 18. a4 Be6 19. O-O Qb6 20. Bc2 Raf8 $15 {
0-1 Rozentalis,E (2595)-Vallejo Pons,F (2678)/Mallorca 2004/CBM 104 no vc (32)}
) 8... Na6 9. e5 (9. exd5 exd5 10. Re1 Re8 11. Nb3 Nxc5 12. Bb5 Bd7 13. Be3 a4
14. Bxd7 Qxd7 15. Bxc5 axb3 16. Bxe7 Rxa2 17. Rac1 Ra4 18. Qe5 Re4 19. Bxf6
Rxe1+ 20. Nxe1 Rxe5 21. Bxe5 f6 22. Bc3 d4 23. Bd2 bxc2 24. Nxc2 $16 {0-1
Naiditsch,A (2611)-De la Riva Aguado,O (2528)/Pamplona ESP 2004/The Week in
Chess 529 (62)}) 9... Nd7 10. c3 (10. Nd4 Ndxc5 11. N2f3 (11. f4 Qb6 12. N2f3
Bd7 13. a3 Ne4 14. Ra2 Nac5 15. Be3 a4 16. Kh1 f6 17. exf6 Bxf6 $132 {1-0
Kotronias,V (2578)-Barsov,A (2550)/Montreal 2002/CBM 091 (44)}) 11... Nxd3 12.
cxd3 Bd7 13. Be3 a4 14. a3 Nc5 15. Rac1 Rc8 16. Rc3 b6 $11 {1-0 Georgiev,K 
(2666)-Kornev,A (2565)/Warsaw 2005/CBM 108_01/[Postny,E] (54)}) (10. Nb3 a4 11.
Nbd4 Ndxc5 12. a3 Bd7 13. Bf4 h6 14. c3 Nxd3 15. Qxd3 Nc5 16. Qc2 Kh8 17. Rad1
Rg8 18. Bc1 Rc8 $11 {1-0 Karpatchev,A (2461)-Barsov,A (2524)/Calvi 2004/CBM
098 ext (52)}) 10... Naxc5 11. Bc2 f6 {A very typical push in French. At a
price of weakening the kingside black removes white's Pe5, getting more space
for his pieces.} (11... b6 12. Re1 Ba6 13. Qe3 a4 14. Nd4 Qc7 15. Nf1 g6 16.
Qg3 $14 {1-0 Jens,J (2375)-Papa,S (2366)/Deizisau 2003/CBM 093 ext (27)}) 12.
exf6 Bxf6 13. Nb3 (13. c4 $6 b6 $1 $15 {[%cal Gc8a6,Ga6f1]}) 13... b6 {[%cal
Gc8a6]} 14. Nxc5 Nxc5 15. Rd1 Ba6 16. Qe3 Qe8 $6 (16... Qe7) ({or} 16... g6 {
followed by Bg7 looks more natural.}) 17. Ng5 Bxg5 $2 {Black should avoid the
exchange of his dark-squared bishop at any price.} (17... g6 18. Qg3 (18. Qh3
Qe7 $13 {[%csl Rg5]}) 18... Qe7 19. Be3 $14) 18. Qxg5 Ne4 {[%cal Ge4f2,Ge4g5]
This was the idea of Ni Hua, but white can easily frustrate his plans.} 19. Qh4
$1 {[%csl Rh7][%cal Oc2e4,Cg7g5,Cg5h4,Gc2h7,Gh4h7] This move was probably
overlooked by Chinese grandmaster.} (19. Bxe4 $2 dxe4 $11 {[%csl Gd3][%cal
Cc1e3,Ce3b6,Ga6d3]}) 19... Qc6 20. Be3 h6 21. Qg4 {[%csl Rh6]} Nf6 (21... e5
22. Bxe4 dxe4 23. Rd7 Rf7 24. Rxf7 Kxf7 25. Qh5+ Kg8 (25... Kf6 26. Bxh6 $1 $18
) 26. Qxe5 {with a pawn up.}) 22. Qg3 Kh8 23. Bd4 {White's position is
overwhelming. His bishops are exceptionally strong, while black has no real
counterplay whatsoever.} b5 24. Re1 Qe8 (24... b4 25. Re3 {continuing to bring
all the reserves into play.}) 25. Re5 Qf7 26. Rae1 Bc8 27. Qh4 Bd7 28. R1e3 {
White's plan is as simple as effective.} b4 29. h3 $1 {A useful and typical
"human" prophylaxy. White is not in a hurry...} bxc3 30. bxc3 Rab8 31. Rg3 Rb2
32. Bg6 Qe7 33. Rh5 Kg8 {[%tqu "En","White's position is overwhelming. How to
conclude the game?","","","h5h6","The final breakthrough. The mate is
unavoidable.",7]} 34. Rxh6 $1 {The final breakthrough. The mate is unavoidable.
} gxh6 35. Qxh6 (35. Qxh6 Qg7 36. Bh7+ $18) 1-0